| 000 | 00340nam a22001457a 4500 | ||
|---|---|---|---|
| 020 | _a81-8128-323-6 | ||
| 082 |
_a001 _bAND/M |
||
| 100 | _aANDREESCUE, TITU | ||
| 245 | _aMATHEMATICAL OLMPIAD CHALLENGES | ||
| 260 |
_aNEW DELHI _bSPRINGER PRIVATE LIMITED _c2005 |
||
| 300 | _a260 | ||
| 505 | _aREFERENCE | ||
| 520 | _aREFERENCE | ||
| 942 | _cBK | ||
| 999 |
_c6703 _d6703 |
||